000 00821nac a22002291u 4500
010 _a 91029106
020 _a0673995623 :
020 _a0673995623 :
082 0 0 _a658.3
_bJ658
090 _c4584
_d4584
100 _aJohns, Gary,
245 1 0 _aOrganizational behavior :
_bunderstanding and management life at work /
_cGary Johns.
250 _a4rd ed.
260 _aNew York, NY :
_bHarperCollins,
_cc1996.
300 _a631p :
_bill. (some col.) ; map
_c25 cm.
504 _aIncludes bibliographical references and indexes.
650 0 _aOrganizational behavior.
650 0 _aOrganization.
650 0 _aManagement.
942 _cBB
_k658.3J658
999 _c4584
_d4584